| 000 | 00636nac a22001811u 4500 | ||
|---|---|---|---|
| 082 |
_a297.1226 _bRED |
||
| 090 |
_c6265 _d6265 |
||
| 100 | _aReda, Mohamed Rashed | ||
| 245 |
_aTafseer Al Manar : ( vol.3,4) _bTafseer Al Quraan Al Hakim Al Mosama / _c Mohamed Rashed Reda ; Mohamed Abdo. _n3,4 |
||
| 260 |
_aCairo: _bAl Hayaa Al Masreya Al Ama Lel Ketab,1973. _cc1973. |
||
| 300 |
_a2 v.; Various p.; _bill.; _c30 cm. |
||
| 500 | _aArabic Books | ||
| 511 | _aCatalogued by: Sara | ||
| 650 | _aAl Quraan Tafseer. | ||
| 650 | _aAbdo, Mohamed. | ||
| 700 | _aAbdo, Mohamed | ||
| 942 |
_cNB _k297.1226 RED |
||
| 999 |
_c6265 _d6265 |
||